Départements des Pays de la Loire (Click) - Statistiques

Statistiques générales
  • Ce quiz a été pris 370 fois
  • Le résultat moyen est 4 sur 5
Statistiques - réponses
Hint Réponse % Correct

Loire-Atlantique
91%

Vendée
83%

Maine-et-Loire
81%

Mayenne
80%

Sarthe
77%
Aucun quiz correspondant
Distribution des résultats
% des personnes avec chaque résultat
Percentile par nombre de réponses
Votre historique - résultats
Vous n’avez pas pris ce quiz